Chalo siphi chalo / (Record no. 44693)

MARC details
000 -LEADER
fixed length control field 01108nji a22002897a 4500
005 - DATE AND TIME OF LATEST TRANSACTION
control field 20100903161258.0
006 - FIXED-LENGTH DATA ELEMENTS--ADDITIONAL MATERIAL CHARACTERISTICS--GENERAL INFORMATION
fixed length control field a|||||r|||||00| 0
007 - PHYSICAL DESCRIPTION FIXED FIELD--GENERAL INFORMATION
fixed length control field sd ammalaaahaa
008 - FIXED-LENGTH DATA ELEMENTS--GENERAL INFORMATION
fixed length control field 100830t xxu||||| |||| 00| 0 eng d
028 ## - PUBLISHER NUMBER
Publisher number N 54123
Source His Master's Voice
035 ## - SYSTEM CONTROL NUMBER
System control number GR-01491
040 ## - CATALOGING SOURCE
Original cataloging agency SED
Transcribing agency SED
100 ## - MAIN ENTRY--PERSONAL NAME
9 (RLIN) 17455
Personal name Kapoor, Mahendra
245 ## - TITLE STATEMENT
Title Chalo siphi chalo /
Statement of responsibility, etc by Mahendra Kapoor [and] Chorus ; Music by Iqbal Quereshi ; Lyris Shamshear
Medium [sound recording] :
246 ## - VARYING FORM OF TITLE
Title proper/short title चलो सिपाही चलो / महेंद्र कपूर द्वारा
260 ## - PUBLICATION, DISTRIBUTION, ETC. (IMPRINT)
Place of publication, distribution, etc Dum Dum, India
Name of publisher, distributor, etc His Master's Voice
300 ## - PHYSICAL DESCRIPTION
Extent 1 sound disc [Gramophone Recording]:
Other physical details analog, 33 1/3 rpm
Dimensions 9.5 in. (MP)
Type of unit Gramophone Record
500 ## - GENERAL NOTE
General note Brief Record
505 ## - FORMATTED CONTENTS NOTE
Formatted contents note Side -1 चलो सिपाही चलो (Chalo siphi chalo ) ( Mehendra Kapoor )
650 ## - SUBJECT ADDED ENTRY--TOPICAL TERM
Topical term or geographic name as entry element Classical music
Geographic subdivision India
9 (RLIN) 1186
General subdivision Excerpts
700 ## - ADDED ENTRY--PERSONAL NAME
9 (RLIN) 17416
Personal name Quereshi, Iqbal
700 ## - ADDED ENTRY--PERSONAL NAME
9 (RLIN) 17456
Personal name Shamshear
700 ## - ADDED ENTRY--PERSONAL NAME
Personal name Chorus
9 (RLIN) 19067
700 ## - ADDED ENTRY--PERSONAL NAME
9 (RLIN) 19087
700 ## - ADDED ENTRY--PERSONAL NAME
Personal name Kalpnalok
9 (RLIN) 19088
942 ## - ADDED ENTRY ELEMENTS (KOHA)
Source of classification or shelving scheme Dewey Decimal Classification
Item type Gramaphone Records

No items available.


© Delhi Public Library
Hit Counter
free hit counter